New York Landlord vs. Tenant apartment law insider total decision service for landlords, managers, and attorneys

Detalles Bibliográficos
Formato: Desconocido
Lenguaje:inglés
Publicado: Nueva York, N.Y. : Vendome Group, LLC
Materias:
Acceso en línea:Acceso restringido

MARC

LEADER 00000ny a22000003n 4500
005 20110512101550.0
008 071017c19uu9999us mr pss 0 a0eng d
022 |a 1938-3118 
022 |a 1938-3185 
035 |a 3129  
040 |a BUS  |d vLex 
090 |c 1723  |d 1723 
245 0 0 |a New York Landlord vs. Tenant  |h [Recurso electrn̤ico]  |b apartment law insider total decision service for landlords, managers, and attorneys 
246 3 |i Tt̕. ant.  |a Landlord vs. Tenant/NYC 
256 |a Servicio en ln̕ea 
260 |a Nueva York, N.Y. :  |b Vendome Group, LLC 
310 |a Mensual 
506 1 |a Contenido solo disponible en los productos indicados  |d vLex Global  |d vLex Global (Academic Edition, excluding Law Schools)  |d vLex Global (Academic Edition, Law Schools) 
650 0 4 |a Legislacin̤  |z Estados Unidos  |x Publicaciones perid̤icas 
740 0 |a vLex Revista (Servicios en ln̕ea) 
843 |a Electrn̤ica. Abierta 
853 |8 1  |i (year)  |j (month)  |k (day) 
856 4 0 |z Acceso restringido  |u http://vlex.com/account/login_ip?fuente_id=3129  
942 |c REV